| 000 | 00435cam a22001337a 4500 | ||
|---|---|---|---|
| 008 | 180718b1973 xxu||||| |||| 00| 0 eng d | ||
| 082 | _aR12x5442 Un3 | ||
| 100 | _aIndian Institute of Public Opinion | ||
| 245 | _aA wasted asset: a survey of rural youth in two Indian districts | ||
| 260 |
_aDelhi _bIndian Institute of Public Opinion _c1973 |
||
| 300 | _a173p. | ||
| 650 | _aUnemployment - India | ||
| 650 | _aYouth - Employment - India | ||
| 999 |
_c414394 _d414394 |
||